<?xml version="1.0" encoding="UTF-8"?>
<collection xmlns="http://www.loc.gov/MARC21/slim">
 <record>
  <leader>01814ngm a2200277 i 4500</leader>
  <controlfield tag="001">eta3067</controlfield>
  <controlfield tag="005">20211011094354.0</controlfield>
  <controlfield tag="008">200630s2020    hu      o     0||   eng d</controlfield>
  <datafield tag="040" ind1=" " ind2=" ">
   <subfield code="a">SZTE Elektronikus Tananyag Archívum</subfield>
   <subfield code="b">hun</subfield>
  </datafield>
  <datafield tag="041" ind1=" " ind2=" ">
   <subfield code="a">eng</subfield>
  </datafield>
  <datafield tag="100" ind1="1" ind2=" ">
   <subfield code="a">Hartmann Petra</subfield>
  </datafield>
  <datafield tag="245" ind1="1" ind2="0">
   <subfield code="a">Surgical scrubbing and hospital hand disinfection = A sebészi bemosakodás </subfield>
   <subfield code="h">[elektronikus dokumentum] :</subfield>
   <subfield code="b">sebészi bemosakodás és kórházi kézhigiéné /</subfield>
   <subfield code="c"> Hartmann Petra</subfield>
  </datafield>
  <datafield tag="260" ind1=" " ind2=" ">
   <subfield code="c">2020</subfield>
  </datafield>
  <datafield tag="516" ind1=" " ind2=" ">
   <subfield code="a">Video</subfield>
  </datafield>
  <datafield tag="520" ind1="3" ind2=" ">
   <subfield code="a">A tananyag felépítése:  1.	A tanulási eredmény ismertetése (tudás és készség) 2.	Előzetesen szükséges elméleti háttér és gyakorlati tapasztalat: aszepszis, antiszepszis  3.	Videókon: sapka, maszk és lábzsák felvétele, beöltözés, bemosakodás: mechanikai és kémiai fázisok 4.	A tanulási eredmény ismertetése (attitűd és autonómia) 5.	Gyakorlati vizsga értékelőlap 6.	Önellenőrző kérdések</subfield>
  </datafield>
  <datafield tag="520" ind1="3" ind2=" ">
   <subfield code="a">Content:  1.	Description of the learning outcome (knowledge and skill) 2.	Preliminary required knowledge and expertise: asepsis, antisepsis 3.	Video demonstration of the followings: putting surgical cap, mask and shoe covers, changing to surgical scrub suite, surgical scrubbing: mechanical and chemical phases 4.	Description of the learning outcome (attitude and autonomy) 5.	Practical exam evaluation sheet 6.	Self-checking questions</subfield>
  </datafield>
  <datafield tag="650" ind1=" " ind2="4">
   <subfield code="a">Orvos- és egészségtudomány</subfield>
  </datafield>
  <datafield tag="650" ind1=" " ind2="4">
   <subfield code="a">Klinikai orvostan</subfield>
  </datafield>
  <datafield tag="650" ind1=" " ind2="4">
   <subfield code="a">Sebészet</subfield>
  </datafield>
  <datafield tag="695" ind1=" " ind2=" ">
   <subfield code="a">sebészet</subfield>
  </datafield>
  <datafield tag="700" ind1="0" ind2="1">
   <subfield code="a">Kovách Kornél</subfield>
  </datafield>
  <datafield tag="700" ind1="0" ind2="1">
   <subfield code="a">Kiss János</subfield>
  </datafield>
  <datafield tag="700" ind1="0" ind2="1">
   <subfield code="a">Boros Mihály</subfield>
  </datafield>
  <datafield tag="700" ind1="0" ind2="1">
   <subfield code="a">Szabó Andrea</subfield>
   <subfield code="e">aut</subfield>
  </datafield>
  <datafield tag="700" ind1="0" ind2="1">
   <subfield code="a">Tallósy Szabolcs Péter</subfield>
   <subfield code="e">aut</subfield>
  </datafield>
  <datafield tag="856" ind1="4" ind2="0">
   <subfield code="u">https://eta.bibl.u-szeged.hu/3067/1/%23V%C3%A9gleges%20Surgical%20scrubbing%20and%20gowning%200610.mp4</subfield>
   <subfield code="z">Dokumentum-elérés </subfield>
  </datafield>
 </record>
</collection>
